LEADER 01584nam2 22003853i 450 001 MIL0153798 005 20251003044226.0 010 $a0471104930 100 $a20180122d1983 ||||0itac50 ba 101 | $aeng 102 $agb 181 1$6z01$ai $bxxxe 182 1$6z01$an 183 1$6z01$anc$2RDAcarrier 200 1 $aˆ2: ‰Practical fundamentals$fedited by P. H. Sydenham 210 $aChichester [etc.]$cJohn Wiley & Sons$d©1983 215 $aXXII, P. 655-1413$cill.$d24 cm 461 1$1001MIL0142558$12001 $aHandbook of measurement science$fedited by P. H. Sydenham$v2 606 $aStrumenti per misure$2FIR$3CFIC045734$9E 676 $a620.0044$9$v20 676 $a620.0044$9INGEGNERIA E ATTIVITA' AFFINI. PROVE E MISURE$v22 696 $aMisuratori$aApparecchi di misura$aApparecchi di misurazione$aStrumenti di misurazione$aStrumenti di misura 699 $aStrumenti per misure$yMisuratori 699 $aStrumenti per misure$yApparecchi di misura 699 $aStrumenti per misure$yApparecchi di misurazione 699 $aStrumenti per misure$yStrumenti di misurazione 699 $aStrumenti per misure$yStrumenti di misura 702 1$aSydenham$b, Peter H.$3MILV082987 801 3$aIT$bIT-000000$c20180122 850 $aIT-BN0095 912 $aMIL0153798 950 2$aBiblioteca Centralizzata di Ateneo$cv. 1-3$d 01SALA DING 620.0044 HANOMS$e 0102 0000007705 VMA A4(0002 v. 2 (rist. 1992)$fY $h19940309$i19940309 977 $a 01 996 $aPractical fundamentals$91490274 997 $aUNISANNIO